Podium du Rallye Monte Carlo - Statistiques

Statistiques générales
  • Ce quiz a été pris 145 fois
    70 depuis la dernière actualisation
  • Le résultat moyen est 29 sur 147
Statistiques - réponses
Vainqueur % Correct
Sébastien Loeb
100%
Sébastien Ogier
100%
Thierry Neuville
95%
Elfyn Evans
85%
Ott Tanak
85%
Adrien Fourmaux
75%
Carlos Sainz
70%
François Delecour
70%
Colin Mcrae
69%
Petter Solberg
69%
Timo Makinen
67%
Tommi Makinen
67%
Ari Vatanen
66%
Jari-Matti Latvala
66%
Gilles Panizzi
62%
Kalle Rovanpera
61%
Dani Sordo
59%
Didier Auriol
59%
Craig Breen
57%
Marcus Gronholm
56%
Mikko Hirvonen
56%
Andreas Mikkelsen
51%
Jean Ragnotti
49%
Walter Rohrl
49%
Juha Kankkunen
48%
Bryan Bouffier
46%
François Duval
44%
Kris Meeke
43%
Henri Toivonen
39%
Pauli Toivonen
39%
Bruno Saby
36%
Jean-Claude Andruet
36%
Miki Biasion
34%
Markko Martin
33%
Maurice Martin
33%
Sandro Munari
31%
Timo Salonen
31%
Bernard Darniche
28%
Bjorn Waldegard
28%
Freddy Loix
28%
Jean-Pierre Nicolas
28%
Juho Hanninen
28%
Markku Alen
28%
Stig Blomqvist
28%
Guy Fréquelin
26%
Stéphane Sarrazin
26%
Piero Liatti
25%
Hannu Mikkola
23%
Toni Gardemeister
21%
Jean-Luc Thérier
20%
Nicolas Vouilloz
20%
Armin Schwarz
18%
Chris Atkinson
18%
Louis Chiron
18%
Ove Andersson
16%
Patrick Bernardini
15%
Alessandro Fiorio
13%
Erik Carlsson
13%
Pat Moss-Carlsson
13%
Rauno Aaltonen
13%
Gérard Larrousse
11%
Paddy Hopkirk
11%
Vic Elford
11%
Guy Wilks
10%
Jean Trévoux
8%
Jean Vinatier
8%
Maurice Gatsonides
8%
Stirling Moss
8%
Donald Healey
7%
Eugen Bohringer
7%
Jacques Feret
7%
Jochi Kleint
7%
René Trautmann
7%
Walter Schock
7%
Jean-Pierre Ballet
5%
Paul Coltelloni
5%
Alexandre Gacon
3%
Alexandru Berlescu
3%
André Thomas
3%
Antonio Zanini
3%
Charles Lahaye
3%
François Repusseau
3%
Geoerges Gillard
3%
Germaine Rouault
3%
Hector Petit
3%
Henri Rougier
3%
Herbert Allard Sydney
3%
Ionel Zamfirescu
3%
Jack Ridley
3%
Jacobs
3%
Jacques Bignan
3%
Jacques-Edouard Ledure
3%
Jean-Pierre Wimille
3%
Julius Beutler
3%
Laury Schell
3%
Louis Gas
3%
Lucy Schell
3%
Malaret
3%
Marc Chauvierre
3%
Marcel Becquart
3%
Marquet
3%
Maurice Vasselle
3%
Maurice Worms
3%
Paul Joseph
3%
Per Malling
3%
Pierre Bussienne
3%
Pierre Clause
3%
Robert Guyot
3%
Ronnie Adams
3%
Viktor Szmick
3%
Visser
3%
Abel Blin d'Orimont
2%
Barbillon
2%
Bo Ljungfeldt
2%
Boris Ivanovsky
2%
Cecil Vard
2%
Charlotte Versigny
2%
Gerard Bkker-Schut
2%
Hanss Gerdum
2%
Ian Appleyard
2%
Jacques Sprenger Van Eijk
2%
Jorge Monte Real
2%
Julio Quinlin
2%
Karl-Friedrich Von Esmarch
2%
Lamarche
2%
Lefebrve-Despaux
2%
Leif Vold-Johansen
2%
Marc Angelvin
2%
Mertens
2%
Paul Meunier
2%
Peter Harper
2%
Philippe De Massa
2%
Pierre David
2%
René Le Bègue
2%
Roger Marion
2%
Victor Bruce
2%
Walter Loffler
2%
André Blanchard
0%
De Aspiazu
0%
Dobry Frantisek
0%
Eberhard Mahle
0%
Ernest Mutsaerts
0%
Guy Jouanneaux
0%
Marika
0%
Paddy Kopkirk
0%
Pierre Surles
0%
Aucun quiz correspondant
Distribution des résultats
% des personnes avec chaque résultat
Percentile par nombre de réponses
Votre historique - résultats
Vous n’avez pas pris ce quiz depuis la dernière actualisation